000 01671nam a2200361 a 4500
001 ebr10733987
003 CaPaEBR
006 m o u
007 cr cn|||||||||
008 090427s2009 paua sb 000 0 eng d
010 _z 2009017409
020 _z9781931534550 (pbk. : alk. paper)
020 _z9781623031268 (e-book)
040 _aCaPaEBR
_cCaPaEBR
035 _a(OCoLC)852160184
050 1 4 _aCC79.P4
_bP46 2009eb
082 0 4 _a552/.06
_222
100 1 _aPeterson, Sarah E.,
_d1983-
245 1 0 _aThin-section petrography of ceramic materials
_h[electronic resource] /
_cby Sarah E. Peterson ; with contributions by Philip P. Betancourt.
260 _aPhiladelphia, Pa. :
_bINSTAP Academic Press,
_cc2009.
300 _a20 p. :
_bill.
490 1 _aINSTAP archaeological excavation manual ;
_vv. 2
504 _aIncludes bibliographical references (p. [17]-20).
505 0 _aGoals for the thin-section petrography of ceramics -- History of thin-section petrography -- Preparation of thin sections -- Examination and analysis of thin sections -- Development of aims and sampling strategy.
533 _aElectronic reproduction.
_bPalo Alto, Calif. :
_cebrary,
_d2013.
_nAvailable via World Wide Web.
_nAccess may be limited to ebrary affiliated libraries.
650 0 _aPetrology in archaeology.
650 0 _aCeramics
_xAnalysis.
655 7 _aElectronic books.
_2local
700 1 _aBetancourt, Philip P.,
_d1936-
710 2 _aebrary, Inc.
830 0 _aINSTAP archaeological excavation manual ;
_v2.
856 4 0 _uhttp://site.ebrary.com/lib/rucke/Doc?id=10733987
_zAn electronic book accessible through the World Wide Web; click to view
999 _c36800
_d36800